| 000 | 01334nam a2200397 c 4500 | ||
|---|---|---|---|
| 001 | 485 | ||
| 003 | ES-MaCES | ||
| 005 | 20150929132105.0 | ||
| 008 | 940419s1993 sp ||| | spa d | ||
| 017 |
_aB-2.244-1993 _bDL |
||
| 020 | _a8476762991 | ||
| 035 | _aCES19980004879m | ||
| 040 |
_aES-MaCES _bspa _cES-MaCES |
||
| 100 | 1 |
_aPérez Amorós, Francisco _920713 |
|
| 245 | 1 | 0 |
_aDerechos de información sobre empleo y contratación _b: los derechos de los representantes de los trabajadores en la empresa, según la Ley 2/1991 _cF. Pérez Amorós |
| 250 | _a1ª ed | ||
| 260 |
_aBarcelona _bBosch _c1993 |
||
| 300 |
_a300 p. _c24 cm |
||
| 504 | _aBibliografía: p. 287-300 | ||
| 541 | _cCompra | ||
| 650 | 4 |
_adivulgación de la información _929540 |
|
| 650 | 4 |
_aderechos de la dirección _929896 |
|
| 650 | 4 |
_aderechos de los trabajadores _929924 |
|
| 650 | 4 |
_arepresentante de los trabajadores _928374 |
|
| 650 | 4 |
_acontratación _928323 |
|
| 650 | 4 |
_alegislación del trabajo _927166 |
|
| 650 | 4 |
_aEspaña _926964 |
|
| 650 | 4 |
_ajurisprudencia _928624 |
|
| 650 | 4 |
_aderecho comunitario _929866 |
|
| 650 | 4 |
_aderecho comparado _929868 |
|
| 653 | 1 | 0 | _aRelaciones laborales-Empleo |
| 650 | 4 |
_929020 _apaís de la UE |
|
| 902 | _aLIB Libro | ||
| 942 |
_2CES _cBK _h2.0. |
||
| 999 |
_c485 _d485 |
||